[Event "Online Olym Div4 A"]
[Site "Chess.com INT"]
[Date "2020.07.31"]
[Round "2.5"]
[White "Jaiswal, Rupesh"]
[Black "Al Ghasra, Ali"]
[Result "1-0"]
[WhiteElo "2115"]
[BlackElo "2048"]
[PlyCount "131"]
[EventDate "2020.07.31"]
[EventType "team-tourn (rapid)"]
[EventRounds "9"]
[EventCountry "USA"]
[SourceTitle "CBM 198"]
[Source "ChessBase"]
[SourceDate "2020.10.31"]
[SourceVersion "1"]
[SourceVersionDate "2020.10.31"]
[SourceQuality "1"]
[WhiteTeam "Nepal"]
[BlackTeam "Bahrain"]
[WhiteTeamCountry "NEP"]
[BlackTeamCountry "BHN"]

1. d4 Nf6 2. Bf4 e6 3. e3 c5 4. c3 d5 5. Nd2 Qb6 6. Qb3 c4 7. Qc2 Bd6 8. Bg3 Qc7 9. Ngf3 Nc6 10. e4 Bxg3 11. hxg3 h6 12. Be2 b5 13. a3 Bb7 14. e5 Ng8 15. g4 Nge7 16. Nh4 0-0-0 17. a4 b4 18. b3 cxb3 19. Nxb3 Kb8 20. cxb4 Nxb4 21. Qxc7+ Kxc7 22. Rc1+ Nec6 23. Nf3 Kb8 24. Kd2 Rc8 25. Rc5 Na6 26. Rc3 Ncb4 27. Rhc1 Na2 28. Rxc8+ Rxc8 29. Rxc8+ Kxc8 30. g5 N2b4 31. gxh6 gxh6 32. Ne1 Bc6 33. Bb5 Kc7 34. Kc3 Kb6 35. Bxc6 Nxc6 36. f4 Na5 37. Nd2 Nc6 38. Nd3 Ka5 39. Nb2 Nab4 40. Nb3+ Kb6 41. g4 Na2+ 42. Kd3 Ncb4+ 43. Kd2 Nc6 44. f5 Nab4 45. Nd3 Nxd3 46. Kxd3 Nb4+ 47. Kc3 Nc6 48. Kd3 Na5 49. fxe6 fxe6 50. Nc5 Nc4 51. Nxe6 Nb2+ 52. Kc2 Nxa4 53. Kb3 Ka5 54. Nc7 Nb6 55. e6 Nc8 56. Nxd5 Kb5 57. e7 Nd6 58. Nf6 Kc6 59. e8Q+ Nxe8 60. Nxe8 Kd5 61. Kc3 a5 62. Nf6+ Ke6 63. Ng8 a4 64. Nxh6 a3 65. Kb3 Kd5 66. Nf5 1-0

[Event "Arcapita op"]
[Site "Manama"]
[Date "2009.01.27"]
[Round "4"]
[White "Tregubov, Pavel V"]
[Black "Al Ghasra, Ali"]
[Result "1-0"]
[WhiteElo "2647"]
[BlackElo "2133"]
[PlyCount "57"]
[EventDate "2009.01.24"]
[EventType "swiss"]
[EventRounds "9"]
[EventCountry "BHN"]
[SourceTitle "CBM 128 Extra"]
[Source "ChessBase"]
[SourceDate "2009.03.05"]
[SourceVersion "2"]
[SourceVersionDate "2009.03.25"]
[SourceQuality "1"]

1. d4 Nf6 2. c4 e6 3. Nf3 b6 4. g3 Ba6 5. Nbd2 Bb4 6. Qc2 0-0 7. Bg2 c6 8. 0-0 d5 9. Ne5 Nbd7 10. Ndf3 Be7 11. cxd5 cxd5 12. Bf4 Nxe5 13. Nxe5 Bb7 14. Rac1 Nd7 15. Nc6 Bxc6 16. Qxc6 Nf6 17. Rc2 Rc8 18. Bc7 Qd7 19. Qxd7 Nxd7 20. Rfc1 g5 21. g4 Nf6 22. h3 Rfe8 23. e3 h5 24. gxh5 Nxh5 25. Bf1 Bd8 26. Bb5 Ng7 27. Bxe8 Nxe8 28. Bxd8 Rxd8 29. Rc8 1-0

[Event "Olympiad-37"]
[Site "Turin"]
[Date "2006.05.22"]
[Round "2"]
[White "Al Ghasra, Ali"]
[Black "Salov, Sergej"]
[Result "1-0"]
[WhiteElo "2165"]
[BlackElo "2293"]
[PlyCount "85"]
[EventDate "2006.05.21"]
[EventType "team-swiss"]
[EventRounds "13"]
[EventCountry "ITA"]
[SourceTitle "CBM 113"]
[Source "ChessBase"]
[SourceDate "2006.07.31"]
[SourceVersion "1"]
[SourceVersionDate "2006.07.31"]
[SourceQuality "1"]
[WhiteTeam "Bahrain"]
[BlackTeam "ICSC"]
[WhiteTeamCountry "BHN"]

1. d4 Nf6 2. c4 d6 3. Nc3 e5 4. dxe5 dxe5 5. Bg5 Nbd7 6. Nf3 c6 7. Qc2 Qa5 8. e4 Bb4 9. Bd2 Qc7 10. Be2 0-0 11. 0-0 Be7 12. h3 Re8 13. a3 Nf8 14. Be3 Ng6 15. Rfd1 h6 16. Rd2 Nh7 17. Rad1 Ng5 18. Nxg5 Bxg5 19. Bxg5 hxg5 20. c5 Nf4 21. Bc4 Ne6 22. Ne2 a5 23. b4 axb4 24. axb4 b6 25. Rd6 bxc5 26. Bxe6 Bxe6 27. Qxc5 f6 28. Rxc6 Qb7 29. Nc3 Rac8 30. b5 Bb3 31. Rc1 Rb8 32. Ra1 Ra8 33. Rxa8 Qxa8 34. b6 Be6 35. Rc7 Qa1+ 36. Kh2 Qc1 37. b7 Kh7 38. Nd5 Qxc5 39. Rxc5 Rb8 40. Rc7 Bxd5 41. exd5 Kg6 42. d6 Kf5 43. d7 1-0

[Event "Olympiad-37"]
[Site "Turin"]
[Date "2006.05.21"]
[Round "1"]
[White "Sharbaf, Mohsen"]
[Black "Al Ghasra, Ali"]
[Result "1-0"]
[WhiteElo "2362"]
[BlackElo "2165"]
[PlyCount "131"]
[EventDate "2006.05.21"]
[EventType "team-swiss"]
[EventRounds "13"]
[EventCountry "ITA"]
[SourceTitle "CBM 113"]
[Source "ChessBase"]
[SourceDate "2006.07.31"]
[SourceVersion "1"]
[SourceVersionDate "2006.07.31"]
[SourceQuality "1"]
[WhiteTeam "Iran"]
[BlackTeam "Bahrain"]
[WhiteTeamCountry "IRI"]
[BlackTeamCountry "BHN"]

1. Nc3 d5 2. e4 d4 3. Nce2 e5 4. d3 Nc6 5. g3 Nf6 6. Bg2 Be7 7. f4 Bg4 8. h3 Bb4+ 9. Bd2 Bxe2 10. Nxe2 Bxd2+ 11. Qxd2 Qe7 12. 0-0 Rd8 13. Rab1 0-0 14. b4 b5 15. a3 a6 16. Nc1 Rd6 17. Bf3 h5 18. f5 h4 19. gxh4 Nh7 20. h5 Qh4 21. Kh2 Ng5 22. Bg4 Rh6 23. Qf2 Rxh5 24. Qxh4 Rxh4 25. Nb3 Rd8 26. Kg3 Rh6 27. Nc5 Nb8 28. a4 Rc6 29. axb5 axb5 30. Ra1 Nh7 31. Ra5 Rb6 32. Ra7 Nc6 33. Rxc7 Nxb4 34. Bh5 g6 35. fxg6 fxg6 36. Bg4 Rf8 37. Rb1 Rc6 38. Rxc6 Nxc6 39. Rxb5 Nf6 40. Nd7 Rf7 41. Be6 Nxd7 42. Rb7 Ncb8 43. Kg4 Kg7 44. Bxf7 Kxf7 45. Kg5 Kg7 46. h4 Kf7 47. Ra7 Kg7 48. Rc7 Kf7 49. Kh6 Kf6 50. Rc8 Kf7 51. Rc7 Kf6 52. Rb7 Kf7 53. Rb1 Nc6 54. Rf1+ Ke6 55. Kxg6 Ne7+ 56. Kg7 Nc8 57. h5 Nd6 58. h6 Ne8+ 59. Kg6 Nef6 60. Rxf6+ Nxf6 61. h7 Nxh7 62. Kxh7 Kf7 63. Kh6 Kf6 64. Kh5 Kf7 65. Kg5 Ke6 66. Kg6 1-0

[Event "Olympiad-35"]
[Site "Bled"]
[Date "2002.11.10"]
[Round "14.2"]
[White "Al Ghasra, Ali"]
[Black "Li Ying, Patrick"]
[Result "1-0"]
[WhiteElo "2157"]
[BlackElo "2071"]
[PlyCount "77"]
[EventDate "2002.10.26"]
[EventType "team-swiss"]
[EventRounds "14"]
[EventCountry "SLO"]
[SourceTitle "EXT 2003"]
[Source "ChessBase"]
[SourceDate "2002.11.25"]
[SourceVersion "1"]
[SourceVersionDate "2002.11.25"]
[SourceQuality "1"]
[WhiteTeam "Bahrain"]
[BlackTeam "Mauritius"]
[WhiteTeamCountry "BHN"]
[BlackTeamCountry "MRI"]

1. d4 Nf6 2. c4 e6 3. Nc3 Bb4 4. e3 Bxc3+ 5. bxc3 0-0 6. Nf3 c5 7. d5 exd5 8. cxd5 d6 9. Qb3 Nbd7 10. Bd3 Re8 11. 0-0 Ng4 12. Qc2 h6 13. Bb5 a6 14. Bxd7 Bxd7 15. c4 Ne5 16. Nxe5 Rxe5 17. e4 f5 18. f3 fxe4 19. fxe4 Qe8 20. Bf4 Rxe4 21. Bxd6 Re2 22. Qd3 Qe4 23. Qxe4 Rxe4 24. Rae1 Rxe1 25. Rxe1 b5 26. Re7 Be8 27. cxb5 axb5 28. Bxc5 Rd8 29. Kf2 Bf7 30. d6 Bd5 31. g3 Bc6 32. Rc7 Be8 33. Ke3 Rd7 34. Kd4 Kf7 35. Rc8 g5 36. Ke5 g4 37. a3 h5 38. Rb8 Kf8 39. Ke4 1-0

[Event "Olympiad-35"]
[Site "Bled"]
[Date "2002.10.29"]
[Round "4.2"]
[White "Mukabi, John"]
[Black "Al Ghasra, Ali"]
[Result "1/2-1/2"]
[WhiteElo "2123"]
[BlackElo "2157"]
[PlyCount "82"]
[EventDate "2002.10.26"]
[EventType "team-swiss"]
[EventRounds "14"]
[EventCountry "SLO"]
[SourceTitle "EXT 2003"]
[Source "ChessBase"]
[SourceDate "2002.11.25"]
[SourceVersion "1"]
[SourceVersionDate "2002.11.25"]
[SourceQuality "1"]
[WhiteTeam "Kenya"]
[BlackTeam "Bahrain"]
[WhiteTeamCountry "KEN"]
[BlackTeamCountry "BHN"]

1. e4 d6 2. d4 Nf6 3. Nc3 g6 4. f4 Bg7 5. Nf3 c6 6. Bd3 0-0 7. 0-0 a6 8. a4 Bg4 9. h3 Bxf3 10. Qxf3 e5 11. Be3 Nbd7 12. dxe5 dxe5 13. f5 Qe7 14. Kh1 h6 15. Ne2 Nc5 16. g4 Nxd3 17. cxd3 Nh7 18. Rac1 Rfd8 19. Bb6 Rd7 20. a5 Qb4 21. Rc2 Bf6 22. Nc3 Bd8 23. Be3 Ng5 24. Qe2 Kg7 25. Rd2 Qxa5 26. h4 Nh7 27. Qf2 Qb4 28. Bc5 Qb3 29. Ra1 gxf5 30. gxf5 f6 31. Qg3+ Kh8 32. Rg2 Qf7 33. Rag1 Be7 34. Na4 Rad8 35. Bxe7 Rxe7 36. Nc5 Ree8 37. Ne6 Rc8 38. Qg6 Qxg6 39. Rxg6 Rg8 40. Rxh6 Rxg1+ 41. Kxg1 c5 1/2-1/2

[Event "Olympiad-35"]
[Site "Bled"]
[Date "2002.10.27"]
[Round "2.2"]
[White "Dominguez, Jose Manuel"]
[Black "Al Ghasra, Ali"]
[Result "1-0"]
[WhiteElo "2323"]
[BlackElo "2157"]
[PlyCount "51"]
[EventDate "2002.10.26"]
[EventType "team-swiss"]
[EventRounds "14"]
[EventCountry "SLO"]
[SourceTitle "EXT 2003"]
[Source "ChessBase"]
[SourceDate "2002.11.25"]
[SourceVersion "1"]
[SourceVersionDate "2002.11.25"]
[SourceQuality "1"]
[WhiteTeam "Dominican Rep"]
[BlackTeam "Bahrain"]
[WhiteTeamCountry "DOM"]
[BlackTeamCountry "BHN"]

1. d4 Nf6 2. Nf3 e6 3. Bf4 b6 4. e3 Bb7 5. Nbd2 Be7 6. Bd3 d5 7. Ne5 0-0 8. Qf3 c5 9. c3 Nc6 10. Qh3 g6 11. Bh6 Re8 12. Ndf3 Ne4 13. Bb5 Rc8 14. Bxc6 Bxc6 15. Nxf7 Qc7 16. Bf4 Bd6 17. Nxd6 Nxd6 18. Qg3 Rcd8 19. h4 Qd7 20. Ne5 Qb7 21. h5 Ne4 22. Qh4 g5 23. Bxg5 Rc8 24. Rh3 Qg7 25. h6 Qf8 26. Rf3 1-0

[Event "Olympiad-35"]
[Site "Bled"]
[Date "2002.10.26"]
[Round "1.2"]
[White "Al Ghasra, Ali"]
[Black "Thorhallsson, Throstur"]
[Result "0-1"]
[WhiteElo "2157"]
[BlackElo "2443"]
[PlyCount "96"]
[EventDate "2002.10.26"]
[EventType "team-swiss"]
[EventRounds "14"]
[EventCountry "SLO"]
[SourceTitle "EXT 2003"]
[Source "ChessBase"]
[SourceDate "2002.11.25"]
[SourceVersion "1"]
[SourceVersionDate "2002.11.25"]
[SourceQuality "1"]
[WhiteTeam "Bahrain"]
[BlackTeam "Iceland"]
[WhiteTeamCountry "BHN"]
[BlackTeamCountry "ISL"]

1. d4 d5 2. c4 dxc4 3. Nc3 Nf6 4. e3 e6 5. Bxc4 a6 6. a4 c5 7. Nf3 Nc6 8. 0-0 Bd6 9. dxc5 Bxc5 10. Qxd8+ Kxd8 11. e4 h6 12. h3 Ke7 13. e5 Nd7 14. Bf4 b6 15. Rad1 Na5 16. Bd3 Bb7 17. Be4 Rhd8 18. Bxb7 Nxb7 19. Rd2 Rac8 20. Ne4 Bb4 21. Rd4 a5 22. Bd2 Bxd2 23. Rxd2 Ndc5 24. Nxc5 Nxc5 25. b3 Ne4 26. Rxd8 Rxd8 27. Re1 Nc5 28. Re3 Rd1+ 29. Kh2 Kd7 30. Kg3 Kc6 31. Ne1 Kd5 32. Nc2 Rb1 33. Rf3 Rxb3 34. Ne3+ Kxe5 35. Rxf7 g5 36. Rh7 Nxa4 37. Rxh6 Nc5 38. h4 gxh4+ 39. Kxh4 a4 40. g4 Rb4 41. Kg3 a3 42. f4+ Ke4 43. Nc2 Rb3+ 44. Kh4 a2 45. f5 exf5 46. gxf5 Rb2 47. Re6+ Nxe6 48. fxe6 Rxc2 0-1

[Event "Asia Cities-ch 13th"]
[Site "Aden"]
[Date "2002.02.09"]
[Round "3"]
[White "Mansour, Sameer"]
[Black "Al Ghasra, Ali"]
[Result "1-0"]
[WhiteElo "2239"]
[BlackElo "2173"]
[PlyCount "77"]
[EventDate "2002.02.07"]
[EventType "team-swiss"]
[EventRounds "9"]
[EventCountry "YEM"]
[SourceTitle "EXT 2020"]
[Source "ChessBase"]
[SourceDate "2019.10.17"]
[SourceVersion "1"]
[SourceVersionDate "2019.10.17"]
[SourceQuality "1"]
[WhiteTeam "Amman"]
[BlackTeam "Muharraq"]
[WhiteTeamCountry "JOR"]
[BlackTeamCountry "BHN"]

1. Nf3 Nf6 2. g3 e6 3. Bg2 d5 4. d3 b6 5. 0-0 Bb7 6. Nbd2 Be7 7. Re1 0-0 8. e3 c5 9. Qe2 Nc6 10. e4 Nb4 11. e5 Nd7 12. Nf1 Ba6 13. a3 Nc6 14. h4 Rc8 15. c3 Qc7 16. Bf4 Rfe8 17. h5 Bf8 18. N1h2 b5 19. Ng5 h6 20. Nh3 Qd8 21. g4 Be7 22. Nf3 Kh7 23. g5 Bf8 24. d4 Ne7 25. Nh4 cxd4 26. cxd4 Qb6 27. Qd3+ Kh8 28. Bf1 Nb8 29. gxh6 gxh6 30. Qe3 Nbc6 31. Rad1 Ng8 32. b4 Bb7 33. Bd3 a5 34. Bb1 axb4 35. Qd3 f5 36. exf6 Nxf6 37. Ng6+ Kg8 38. Nxf8 Kxf8 39. Qg6 1-0

[Event "Olympiad-32"]
[Site "Yerevan"]
[Date "1996.09.25"]
[Round "9.1"]
[White "Pazos Gambarrotti, Plinio Efrain"]
[Black "Al Ghasra, Ali"]
[Result "1-0"]
[WhiteElo "2365"]
[BlackElo "2160"]
[PlyCount "67"]
[EventDate "1996.09.15"]
[EventType "team-swiss"]
[EventRounds "14"]
[EventCountry "ARM"]
[SourceTitle "CBM 055"]
[Source "ChessBase"]
[SourceDate "1996.12.01"]
[SourceVersion "1"]
[SourceVersionDate "1996.12.01"]
[SourceQuality "1"]
[WhiteTeam "Ecuador"]
[BlackTeam "Bahrain"]
[WhiteTeamCountry "ECU"]
[BlackTeamCountry "BHN"]

1. e4 c5 2. Nf3 e6 3. c3 Nc6 4. d4 cxd4 5. cxd4 d5 6. Nc3 dxe4 7. Nxe4 Nf6 8. Nc3 Be7 9. Bd3 0-0 10. 0-0 Nb4 11. Bb1 b6 12. a3 Nbd5 13. Qd3 Bb7 14. Re1 Re8 15. Ne5 g6 16. Qh3 Nc7 17. Be3 Rc8 18. Bc2 Bd5 19. Ba4 b5 20. Nxb5 Nxb5 21. Bxb5 Rf8 22. Bh6 Qb6 23. Bxf8 Bxf8 24. Qd3 Rd8 25. Red1 Nh5 26. g3 Bg7 27. Rac1 a6 28. Bxa6 Bb3 29. Re1 Bxe5 30. Rxe5 Rxd4 31. Rb5 Qd6 32. Qxb3 Qxa6 33. Rxh5 Qa7 34. Rhc5 1-0

[Event "Olympiad-32"]
[Site "Yerevan"]
[Date "1996.09.18"]
[Round "3.1"]
[White "Al Ghasra, Ali"]
[Black "Hawes, Jonathan"]
[Result "1-0"]
[WhiteElo "2160"]
[BlackElo "2095"]
[PlyCount "35"]
[EventDate "1996.09.15"]
[EventType "team-swiss"]
[EventRounds "14"]
[EventCountry "ARM"]
[SourceTitle "CBM 055"]
[Source "ChessBase"]
[SourceDate "1996.12.01"]
[SourceVersion "1"]
[SourceVersionDate "1996.12.01"]
[SourceQuality "1"]
[WhiteTeam "Bahrain"]
[BlackTeam "Jersey"]
[WhiteTeamCountry "BHN"]
[BlackTeamCountry "GCI"]

1. d4 d6 2. e4 Nf6 3. Nc3 c6 4. a4 Qc7 5. Bg5 Nbd7 6. Nf3 g6 7. Qd2 Bg7 8. Be2 0-0 9. h4 e5 10. h5 exd4 11. Nxd4 Ne5 12. Qf4 d5 13. Qh4 Nxe4 14. Nxe4 dxe4 15. hxg6 fxg6 16. Qxh7+ Kf7 17. Bh6 Rg8 18. Rh4 1-0

[Event "Olympiad-32"]
[Site "Yerevan"]
[Date "1996.09.17"]
[Round "2.1"]
[White "Yegiazarian, Arsen"]
[Black "Al Ghasra, Ali"]
[Result "1-0"]
[WhiteElo "2455"]
[BlackElo "2160"]
[PlyCount "49"]
[EventDate "1996.09.15"]
[EventType "team-swiss"]
[EventRounds "14"]
[EventCountry "ARM"]
[SourceTitle "CBM 055"]
[Source "ChessBase"]
[SourceDate "1996.12.01"]
[SourceVersion "1"]
[SourceVersionDate "1996.12.01"]
[SourceQuality "1"]
[WhiteTeam "Armenia III"]
[BlackTeam "Bahrain"]
[WhiteTeamCountry "ARM"]
[BlackTeamCountry "BHN"]

1. e4 c5 2. Nf3 Nc6 3. d4 cxd4 4. Nxd4 Nf6 5. Nc3 e5 6. Ndb5 d6 7. Bg5 a6 8. Na3 b5 9. Nd5 Be6 10. Bxf6 gxf6 11. c3 Bg7 12. Nc2 f5 13. exf5 Bxf5 14. Nce3 Be6 15. Bd3 Ne7 16. Be4 Rc8 17. 0-0 Nxd5 18. Bxd5 Bxd5 19. Qxd5 Rc5 20. Qd3 Bf6 21. Rad1 Rc6 22. Nd5 Be7 23. f4 0-0 24. f5 f6 25. Nxe7+ 1-0

[Event "Olympiad-32"]
[Site "Yerevan"]
[Date "1996.09.16"]
[Round "1.1"]
[White "Al Ghasra, Ali"]
[Black "Atlas, Valeri"]
[Result "0-1"]
[WhiteElo "2160"]
[BlackElo "2470"]
[PlyCount "92"]
[EventDate "1996.09.15"]
[EventType "team-swiss"]
[EventRounds "14"]
[EventCountry "ARM"]
[SourceTitle "CBM 055"]
[Source "ChessBase"]
[SourceDate "1996.12.01"]
[SourceVersion "1"]
[SourceVersionDate "1996.12.01"]
[SourceQuality "1"]
[WhiteTeam "Bahrain"]
[BlackTeam "Liechtenstein"]
[WhiteTeamCountry "BHN"]
[BlackTeamCountry "LIE"]

1. d4 Nf6 2. c4 e6 3. Nc3 Bb4 4. e3 0-0 5. Nge2 Re8 6. a3 Bf8 7. Nf4 d6 8. Be2 Nbd7 9. 0-0 e5 10. Nd3 g6 11. b3 Bg7 12. Bb2 c6 13. Rc1 Qe7 14. b4 e4 15. Ne1 h5 16. Nc2 Nh7 17. b5 Qg5 18. f4 Qd8 19. Nb4 c5 20. Nc2 Ndf6 21. Qd2 Bg4 22. Rcd1 Qe7 23. h3 Be6 24. dxc5 dxc5 25. Qd6 Qxd6 26. Rxd6 Red8 27. Rfd1 Rxd6 28. Rxd6 Ne8 29. Rd2 f5 30. Nd1 Nhf6 31. Be5 Bf8 32. a4 Nd7 33. Bc3 h4 34. Nb2 Kf7 35. Kf2 Bh6 36. Na1 Ke7 37. Nb3 b6 38. Na1 g5 39. fxg5 Bxg5 40. Nc2 Nd6 41. Kg1 Rg8 42. Kh1 f4 43. exf4 Bxf4 44. Rd1 Nf5 45. Bf1 Ng3+ 46. Kg1 Bxh3 0-1

[Event "Arab-ch 8th"]
[Site "Doha"]
[Date "1993.??.??"]
[Round "8"]
[White "Al Ghasra, Ali"]
[Black "Abdulghafour, Yousef"]
[Result "1/2-1/2"]
[WhiteElo "2205"]
[BlackElo "2240"]
[PlyCount "58"]
[EventDate "1993.??.??"]
[EventType "swiss"]
[EventRounds "11"]
[EventCountry "QAT"]
[SourceTitle "TD"]
[Source "ChessBase"]
[SourceDate "1994.03.01"]
[SourceVersion "1"]
[SourceVersionDate "1994.03.01"]
[SourceQuality "1"]

1. d4 Nf6 2. Nf3 e6 3. c4 d5 4. Nc3 Bb4 5. Bg5 h6 6. Bh4 g5 7. Bg3 Ne4 8. Qc2 h5 9. h4 g4 10. Nd2 Nxg3 11. fxg3 Nc6 12. e3 Qd6 13. 0-0-0 Bd7 14. Ne2 Bxd2+ 15. Rxd2 Nb4 16. Qb3 dxc4 17. Qxc4 0-0-0 18. Nf4 Bc6 19. a3 Nd5 20. Qb3 e5 21. Nxd5 Bxd5 22. Bc4 Bxc4 23. Qxc4 exd4 24. exd4 Qg6 25. Rc2 Rd7 26. Rf1 Qe4 27. Kb1 Rhd8 28. Ka2 c6 29. Rf4 Qd5 1/2-1/2